[Event "Mechanics' Summer TNM; 30/90, SD/30"]
[Site "San Francisco"]
[Date "2011.07.12"]
[Round "8.17"]
[White "Litowsky, Daniel"]
[Black "Bertot, German"]
[Result "0-1"]
[WhiteElo "1700"]
[BlackElo "1654"]
[PlyCount "37"]
[EventDate "2011.??.??"]

1. e4 e5 2. Nc3 Nc6 3. Bc4 Nf6 4. a3 Bc5 5. h3 d6 6. d3 h6 7. Na4 Bb6 8. Nxb6
axb6 9. c3 O-O 10. Ne2 Be6 11. Bb3 d5 12. exd5 Nxd5 13. O-O Qf6 14. Ng3 Rad8
15. Ne4 Qg6 16. Ng3 Nf4 17. Bxf4 Rxd3 18. Bc2 (18. Bd2) 18... Rxd1 19. Raxd1
0-1

[Event "Mechanics' Summer TNM; 30/90, SD/30"]
[Site "San Francisco"]
[Date "2011.06.21"]
[Round "5.13"]
[White "Litowsky, Daniel"]
[Black "Kleiman, Charles"]
[Result "0-1"]
[WhiteElo "1700"]
[BlackElo "1858"]
[PlyCount "82"]
[EventDate "2011.??.??"]

1. e4 d5 2. exd5 Nf6 3. c4 c6 4. Nc3 cxd5 5. cxd5 Nxd5 6. Bc4 Nxc3 7. bxc3 Qc7
8. Qb3 e6 9. Nf3 Nc6 10. Bb5 a6 11. Be2 Be7 12. Bb2 Na5 13. Qa4+ Bd7 14. Qg4
Bf6 15. O-O h5 16. Qg3 Rc8 17. d4 Nc4 18. Qxc7 Rxc7 19. Rab1 b5 20. Bxc4 bxc4
21. Ba3 Bb5 22. Rfe1 Rd7 23. Bc5 g5 24. Rb4 Rd5 25. a4 Rxc5 26. axb5 Rxb5 27.
Rxc4 Kd7 28. Ra1 Ra8 29. Rca4 g4 30. Nd2 a5 31. g3 Bd8 32. Nc4 f6 33. Ne3 Rab8
34. Kg2 Rb3 35. c4 Bc7 36. c5 Rb1 37. d5 Rxa1 38. Rxa1 Rb5 39. d6 Bd8 40. Rc1
Kc6 41. Rc4 Rxc5 0-1

[Event "Mechanics' Summer TNM; 30/90, SD/30"]
[Site "San Francisco"]
[Date "2011.05.31"]
[Round "2.19"]
[White "Litowsky, Daniel"]
[Black "Olson, David"]
[Result "1-0"]
[WhiteElo "1700"]
[BlackElo "1430"]
[PlyCount "79"]
[EventDate "2011.??.??"]

1. e4 e5 2. Nc3 Nf6 3. Bc4 c6 4. Nf3 d5 5. exd5 e4 6. Qe2 cxd5 7. Bb3 Be7 8.
Nd4 Bg4 9. Qe3 Bc5 10. h3 Bh5 11. Na4 b6 12. Nxc5 bxc5 13. Nf5 O-O 14. Qxc5 Na6
15. Qe3 Qd7 16. Ng3 Bg6 17. O-O d4 18. Qf4 Nb4 19. a3 Nbd5 20. Bxd5 Qxd5 21. d3
exd3 22. cxd3 Bxd3 23. Rd1 Bg6 24. Rxd4 Qb3 25. Qd2 Rac8 26. Qb4 Qe6 27. Be3
Nd5 28. Qd2 Rfd8 29. Rd1 Rc2 30. Qa5 Rb8 31. Rxd5 h6 32. Rd8+ Rxd8 33. Qxd8+
Kh7 34. Bd4 h5 35. Qf8 f6 36. Qb8 h4 37. Nf1 Qe2 38. Rb1 Qd3 39. Qxa7 Rc4 40.
Bxf6 1-0

[Event "Mechanics' Summer TNM; 30/90, SD/30"]
[Site "San Francisco"]
[Date "2011.07.05"]
[Round "7.11"]
[White "Macintyre, Brendan"]
[Black "Beilin, Allan"]
[Result "0-1"]
[WhiteElo "1643"]
[BlackElo "2005"]
[PlyCount "80"]
[EventDate "2011.??.??"]

1. d4 d5 2. c4 c6 3. Nc3 Nf6 4. Bf4 e6 5. e3 Nbd7 6. Nf3 Be7 7. Bd3 O-O 8. O-O
dxc4 9. Bxc4 Nh5 10. Bg3 Nxg3 11. fxg3 b5 12. Bd3 a6 13. Qc2 h6 14. Ne4 Qb6 15.
Rac1 Bb7 16. a3 a5 17. Nc5 Nxc5 18. dxc5 Qc7 19. b4 axb4 20. axb4 Ra4 21. Rb1
Bf6 22. Rfd1 Rfa8 23. Qe2 Bc3 24. Rdc1 Bf6 25. e4 e5 26. h3 Bc8 27. Bc2 Ra2 28.
Qd3 Be6 29. Bb3 R2a3 30. Qd1 Rd8 31. Qc2 Qe7 32. Rd1 Bxb3 33. Rxb3 Ra4 34. Rb2
Rxd1+ 35. Qxd1 Rxb4 36. Rxb4 Qxc5+ 37. Rd4 exd4 38. Qd2 d3+ 39. Kf1 Qc2 40. Ke1
Bc3 0-1

[Event "Mechanics' Summer TNM; 30/90, SD/30"]
[Site "San Francisco"]
[Date "2011.06.21"]
[Round "5.15"]
[White "Macintyre, Brendan"]
[Black "Miller, David"]
[Result "1/2-1/2"]
[WhiteElo "1643"]
[BlackElo "1800"]
[PlyCount "93"]
[EventDate "2011.??.??"]

1. d4 d5 2. c4 c6 3. Nc3 Nf6 4. e3 e6 5. Nf3 a6 6. Bd3 dxc4 7. Bxc4 b5 8. Bd3
c5 9. dxc5 Bxc5 10. O-O Bb7 11. e4 Nbd7 12. e5 Ng4 13. Bf4 Qb6 14. Bg3 Rd8 15.
Ne4 Bxe4 16. Bxe4 Ndxe5 17. Qe2 Nxf3+ 18. Qxf3 Nf6 19. Bc6+ Ke7 20. Rad1 Rxd1
21. Rxd1 Rd8 22. Rxd8 Qxd8 23. Bh4 Qd2 24. g4 h6 25. Bb7 Qd6 26. g5 hxg5 27.
Bxg5 Qb6 28. Bh4 Bd4 29. Qa3+ b4 30. Qxa6 Qxa6 31. Bxa6 Bxb2 32. Bc4 Kd6 33.
Bxf6 Bxf6 34. Kg2 Ke5 35. Kf3 Be7 36. h3 f5 37. Ke3 Bc5+ 38. Kf3 g5 39. Bb3 Kf6
40. Ke2 e5 41. f3 e4 42. fxe4 fxe4 43. Bd5 Ke5 44. Bc6 Kf4 45. Bd7 Bd4 46. Bg4
Bc3 47. Be6 1/2-1/2

[Event "Mechanics' Summer TNM; 30/90, SD/30"]
[Site "San Francisco"]
[Date "2011.05.31"]
[Round "2.11"]
[White "Macintyre, Brendan"]
[Black "Traub, Igor"]
[Result "0-1"]
[WhiteElo "1643"]
[BlackElo "2140"]
[PlyCount "58"]
[EventDate "2011.??.??"]

1. d4 Nf6 2. c4 g6 3. Nc3 Bg7 4. e4 d6 5. Be2 O-O 6. Nf3 Nbd7 7. O-O e5 8. d5
a5 9. Qc2 Nc5 10. Be3 Ng4 11. Bxc5 dxc5 12. Rfd1 Ra6 13. Na4 Qe7 14. a3 f5 15.
Bd3 Bd7 16. Nc3 Raf6 17. b4 axb4 18. axb4 cxb4 19. Nb5 c6 20. Nc7 Bc8 21. Na8
c5 22. h3 Nh6 23. Qb2 fxe4 24. Bxe4 Rxf3 25. gxf3 Bxh3 26. Kh2 Qh4 27. Qd2 Rxf3
28. Bxf3 Bg4+ 29. Kg2 Qh3+ 0-1

[Event "Mechanics' Summer TNM; 30/90, SD/30"]
[Site "San Francisco"]
[Date "2011.05.24"]
[Round "1.12"]
[White "Mar, Henry"]
[Black "Grey, Peter"]
[Result "0-1"]
[WhiteElo "1544"]
[BlackElo "2006"]
[PlyCount "134"]
[EventDate "2011.??.??"]

1. e4 c5 2. Nf3 e6 3. d3 Nc6 4. g3 Nf6 5. Bg2 Be7 6. O-O d5 7. e5 Nd7 8. Re1
O-O 9. h4 h6 10. Nc3 Rb8 11. Nb5 a6 12. Nd6 Ndxe5 13. Nxc8 Nxf3+ 14. Bxf3 Rxc8
15. c3 Bf6 16. Bg4 b5 17. Qe2 d4 18. Bd2 dxc3 19. Bxc3 Nd4 20. Bxd4 Qxd4 21.
Rab1 Rfd8 22. Red1 Rc7 23. b3 Rcd7 24. Bf3 Qb4 25. Be4 Rd6 26. Qf3 Qa5 27. Qe2
Bd4 28. Qc2 Qb6 29. Kg2 f5 30. Bf3 Bf6 31. Be2 Bd4 32. Bh5 e5 33. Bf3 Qa7 34.
a4 Qd7 35. axb5 Qxb5 36. Qc4+ Kf8 37. Bh5 g6 38. Be2 Kg7 39. f3 Rb8 40. Rdc1
Qa5 41. Qc2 Qa3 42. Rd1 Rb4 43. Rd2 Rdb6 44. Bd1 a5 45. Qa2 Qxa2 46. Rxa2 a4
47. Ra3 Kf6 48. Bc2 axb3 49. Raxb3 g5 50. Rxb4 cxb4 51. Bb3 Ke7 52. Bc4 Kd6 53.
Bb3 Kc5 54. Rc1+ Bc3 55. Kf2 Kd4 56. Ke2 Ra6 57. Bc4 gxh4 58. gxh4 Rg6 59. Kf2
f4 60. Rg1 Rxg1 61. Kxg1 Ke3 62. Kg2 Kd2 63. Kf2 Bd4+ 64. Kf1 Kc2 65. Ke2 b3
66. h5 b2 67. Ba2 Be3 0-1

[Event "Mechanics' Summer TNM; 30/90, SD/30"]
[Site "San Francisco"]
[Date "2011.06.21"]
[Round "5.24"]
[White "Mar, Henry"]
[Black "Otterbach, Renate"]
[Result "1-0"]
[WhiteElo "1544"]
[BlackElo "805"]
[PlyCount "49"]
[EventDate "2011.??.??"]

1. e4 e5 2. Nf3 Nc6 3. Bc4 Bc5 4. c3 d6 5. d3 Nh6 6. Bg5 f6 7. Bh4 Qe7 8. b4
Bb6 9. Qb3 Rf8 10. O-O Bd7 11. a4 a6 12. Nbd2 O-O-O 13. b5 Na5 14. Qa2 Nxc4 15.
Nxc4 Bc5 16. bxa6 Be6 17. axb7+ Kb8 18. a5 d5 19. Nfxe5 Rd6 20. Nxd6 Qxd6 21.
Nc4 Qf4 22. Bg3 Qg5 23. a6 Bd7 24. d4 Bb6 25. Nxb6 {remainder illegible} 1-0

[Event "Mechanics' Summer TNM; 30/90, SD/30"]
[Site "San Francisco"]
[Date "2011.06.28"]
[Round "6.8"]
[White "Margulis, Igor"]
[Black "Askin, Michael"]
[Result "1-0"]
[WhiteElo "2100"]
[BlackElo "1810"]
[PlyCount "49"]
[EventDate "2011.??.??"]

1. e4 c5 2. Nf3 e6 3. d4 cxd4 4. Nxd4 a6 5. c4 Qc7 6. Be2 Nf6 7. Nc3 Nc6 8. O-O
b6 9. Be3 Bb7 10. Nxc6 Bxc6 11. Qd3 d6 12. Rac1 Be7 13. Nd5 Qb7 14. Nxe7 Kxe7
15. f3 Rhd8 16. Rfd1 h6 17. Qa3 Nxe4 18. fxe4 Bxe4 19. Bf4 Bxg2 20. Bxd6+ Ke8
21. Qg3 Qe4 22. Qxg2 Qe3+ 23. Kh1 Rxd6 24. Qxa8+ Ke7 25. Qb7+ 1-0

[Event "Mechanics' Summer TNM; 30/90, SD/30"]
[Site "San Francisco"]
[Date "2011.06.07"]
[Round "3.2"]
[White "Margulis, Igor"]
[Black "Cunningham, Robin"]
[Result "0-1"]
[WhiteElo "2100"]
[BlackElo "2274"]
[PlyCount "84"]
[EventDate "2011.??.??"]

1. e4 Nf6 2. Nc3 e5 3. Nf3 Nc6 4. d4 Bb4 5. d5 Nxe4 6. dxc6 Nxc3 7. bxc3 Bxc3+
8. Bd2 Bxa1 9. cxd7+ Bxd7 10. Qxa1 O-O 11. Bc4 Re8 12. O-O Be6 13. Bxe6 Rxe6
14. Bc3 f6 15. Qb1 Rb6 16. Qe1 Qd5 17. Qa1 Rd8 18. h3 Rc6 19. Re1 Qc5 20. Re3
Rcd6 21. Qb2 b6 22. Qb3+ Qd5 23. Kh2 Qxb3 24. axb3 a5 25. Ng1 Ra8 26. Re4 Rc6
27. Ne2 b5 28. f4 b4 29. Be1 exf4 30. Nd4 Rd6 31. Nf5 Rd7 32. Rxf4 Re8 33. Bf2
Rd2 34. Kg3 Rxc2 35. Rg4 g6 36. Bd4 Re6 37. Ne3 Rd2 38. Nc4 Rd3+ 39. Kh2 f5 40.
Rf4 Re4 41. Be5 Rxf4 42. Bxf4 Rxb3 0-1

[Event "Mechanics' Summer TNM; 30/90, SD/30"]
[Site "San Francisco"]
[Date "2011.05.31"]
[Round "2.7"]
[White "Margulis, Igor"]
[Black "Russell, Joe"]
[Result "1-0"]
[WhiteElo "2100"]
[BlackElo "1872"]
[PlyCount "59"]
[EventDate "2011.??.??"]

1. e4 d5 2. exd5 Qxd5 3. Nc3 Qa5 4. d4 Nf6 5. Bc4 Bf5 6. Nge2 e6 7. O-O c6 8.
Bf4 Be7 9. Ng3 Bg6 10. Re1 O-O 11. Nce4 Nbd7 12. c3 Rfe8 13. a4 Nxe4 14. Nxe4
Bxe4 15. Rxe4 Qf5 16. Qf3 Bg5 17. Bxg5 Qxg5 18. Rae1 Qe7 19. Bb3 Qd6 20. Rg4 g6
21. Rh4 Qf8 22. Rf4 Qg7 23. h4 Rf8 24. h5 e5 25. Rfe4 Rae8 26. hxg6 hxg6 27.
Qe2 Re7 28. f4 Rfe8 29. fxe5 c5 30. e6 1-0

[Event "Mechanics' Summer TNM; 30/90, SD/30"]
[Site "San Francisco"]
[Date "2011.06.28"]
[Round "6.14"]
[White "Miller, David"]
[Black "Cortese, Chris"]
[Result "0-1"]
[WhiteElo "1800"]
[BlackElo "1530"]
[PlyCount "84"]
[EventDate "2011.??.??"]

1. e4 c5 2. Nf3 d6 3. d4 cxd4 4. Nxd4 Nf6 5. f3 a6 6. c4 e6 7. Nc3 Be7 8. Be2
Nbd7 9. Be3 Qc7 10. O-O O-O 11. Rc1 b6 12. Qd2 Bb7 13. Rfd1 Rac8 14. g3 Qb8 15.
Bf1 Ne5 16. b3 d5 17. f4 Neg4 18. e5 Nxe3 19. Qxe3 Ng4 20. Qe2 Nh6 21. Qb2 Bc5
22. b4 Bxd4+ 23. Rxd4 Nf5 24. Rd2 dxc4 25. Bg2 b5 26. Rd7 Rc7 27. Rcd1 Bxg2 28.
Qxg2 Ne3 29. Qf3 Nxd1 30. Rxd1 Rd8 31. Ne4 h6 32. Nd6 Rcd7 33. Qc6 Qa8 34. Qc5
Qa7 35. Qxa7 Rxa7 36. Rc1 Rad7 37. a4 Rxd6 38. exd6 Rxd6 39. h3 Rd3 40. Kf2 Rb3
41. axb5 axb5 42. h4 Rxb4 0-1

[Event "Mechanics' Summer TNM; 30/90, SD/30"]
[Site "San Francisco"]
[Date "2011.06.14"]
[Round "4.16"]
[White "Miller, David"]
[Black "Eytan, David"]
[Result "1-0"]
[WhiteElo "1800"]
[BlackElo "1608"]
[PlyCount "113"]
[EventDate "2011.??.??"]

1. d4 f5 2. Bg5 h6 3. Bh4 g5 4. e4 Nf6 5. e5 Ng4 6. h3 gxh4 7. hxg4 fxg4 8.
Qxg4 Rh7 9. Bd3 d5 10. Bg6+ Rf7 11. Qh5 Be6 12. f4 Qd7 13. Nc3 Nc6 14. Nf3 Nd8
15. Rxh4 a5 16. g4 Qc6 17. f5 Bd7 18. Bxf7+ Nxf7 19. e6 Bxe6 20. Ne5 Qb6 21.
fxe6 Qxe6 22. O-O-O Bg7 23. Qxf7+ Qxf7 24. Nxf7 Kxf7 25. Nxd5 Rd8 26. Nxc7 Bxd4
27. Rf1+ Kg8 28. c3 Be3+ 29. Kc2 Rd2+ 30. Kb3 Bg5 31. Rh3 Rg2 32. Rhf3 Rxg4 33.
Rf8+ Kh7 34. R1f7+ Kg6 35. a4 Re4 36. Rf5 b6 37. Rb5 Be3 38. Rg8+ Kf7 39. Rg2
e6 40. Rh5 Bf4 41. Rh4 Kf6 42. Nb5 e5 43. Rg8 Re2 44. Rhg4 Bg5 45. Nd6 Ke6 46.
Rg6+ Kd5 47. c4+ Kc6 48. Ne4+ Kb7 49. Nxg5 hxg5 50. R6xg5 Kc6 51. Rg3 Kc5 52.
Kc3 Re4 53. b3 Kd6 54. Rg6+ Kc5 55. Rd3 Rd4 56. Re3 e4 57. Rg5+ 1-0

[Event "Mechanics' Summer TNM; 30/90, SD/30"]
[Site "San Francisco"]
[Date "2011.05.31"]
[Round "2.10"]
[White "Miller, David"]
[Black "Lin, Michael K"]
[Result "0-1"]
[WhiteElo "1800"]
[BlackElo "2026"]
[PlyCount "66"]
[EventDate "2011.??.??"]

1. d4 Nf6 2. Nf3 c5 3. e3 g6 4. c3 b6 5. Nbd2 Bg7 6. Bd3 O-O 7. Qe2 d6 8. O-O
Nbd7 9. e4 e5 10. dxe5 dxe5 11. Rd1 Qc7 12. Bc4 Bb7 13. Ne1 a6 14. a4 Qc6 15.
f3 Nh5 16. Nf1 Kh8 17. g4 Nhf6 18. Ne3 Qc7 19. Nd5 Nxd5 20. Bxd5 Bxd5 21. Rxd5
f5 22. g5 Rfd8 23. c4 Nf8 24. Be3 Ne6 25. h4 fxe4 26. fxe4 Nd4 27. Qg4 Qf7 28.
Rd1 Rf8 29. Ng2 Rab8 30. Rd7 Qxc4 31. h5 gxh5 32. Qxh5 Nf3+ 33. Kh1 Qxe4 0-1

[Event "Mechanics' Summer TNM; 30/90, SD/30"]
[Site "San Francisco"]
[Date "2011.07.05"]
[Round "7.23"]
[White "Miller, David"]
[Black "Nelson, Christopher"]
[Result "1-0"]
[WhiteElo "1800"]
[BlackElo "1525"]
[PlyCount "59"]
[EventDate "2011.??.??"]

1. d4 f5 2. Bg5 Nf6 3. Bxf6 exf6 4. g3 d5 5. Bg2 Na6 6. Nc3 Bb4 7. Qd2 c6 8. a3
Be7 9. e3 O-O 10. Nge2 Nc7 11. O-O Ne6 12. Rfe1 Ng5 13. f3 Qe8 14. h4 Nf7 15.
e4 Nd6 16. exd5 Nc4 17. Qc1 cxd5 18. Nf4 Qf7 19. Ncxd5 Bd6 20. b3 Bxf4 21. Nxf4
Nd6 22. c4 Bd7 23. Qd2 Rfe8 24. Rxe8+ Rxe8 25. Re1 Rxe1+ 26. Qxe1 Qf8 27. Qb4
Qb8 28. c5 Nb5 29. a4 a5 30. Qc4+ 1-0

[Event "Mechanics' Summer TNM; 30/90, SD/30"]
[Site "San Francisco"]
[Date "2011.06.21"]
[Round "5.19"]
[White "Milliken, William"]
[Black "Allen, Tom"]
[Result "0-1"]
[WhiteElo "1688"]
[BlackElo "1547"]
[PlyCount "72"]
[EventDate "2011.??.??"]

1. e4 e5 2. Nf3 Nc6 3. Bc4 Nf6 4. d4 exd4 5. O-O Bc5 6. e5 d5 7. exf6 dxc4 8.
Re1+ Be6 9. Ng5 Qd5 10. Nc3 Qf5 11. g4 Qxf6 12. Nce4 Qe7 13. Nxe6 fxe6 14. Bg5
Qf8 15. Qe2 d3 16. cxd3 Nd4 17. Qd1 Nf3+ 18. Kg2 Nxg5 19. Nxg5 Qxf2+ 20. Kh1
O-O-O 21. Nxe6 Rxd3 22. Qe2 Re8 23. g5 Rd6 24. Qg4 Kb8 25. Rf1 Qxb2 26. Nxc5
Qb5 27. Qf5 Qc6+ 28. Ne4 Rde6 29. Rae1 a6 30. Rf4 c3 31. Kg1 c2 32. Rc1 Rxe4
33. Rxe4 Rxe4 34. Qxh7 Qc5+ 35. Kh1 Rd4 36. Qxg7 Rd1+ 0-1

[Event "Mechanics' Summer TNM; 30/90, SD/30"]
[Site "San Francisco"]
[Date "2011.07.12"]
[Round "8.16"]
[White "Milliken, William"]
[Black "Curto, Wayne"]
[Result "0-1"]
[WhiteElo "1688"]
[BlackElo "1900"]
[PlyCount "50"]
[EventDate "2011.??.??"]

1. e4 c6 2. d4 d5 3. Nd2 dxe4 4. Nxe4 Nd7 5. Nf3 Ngf6 6. Nxf6+ Nxf6 7. Be2 Bf5
8. O-O e6 9. c4 Bd6 10. Ne5 O-O 11. Bf4 c5 12. Bd3 Bxd3 13. Qxd3 cxd4 14. Qxd4
Qc7 15. Rad1 Rfd8 16. Nxf7 Bxf4 17. Nxd8 Bxh2+ 18. Kh1 Be5 19. Qe3 (19. Nxe6 $1
Qa5 20. b4 Bxd4 21. bxa5 $18) 19... Ng4 20. Qg5 h5 21. Qxh5 Qxc4 22. Qf7+ Kh7
23. Qxe6 Qf4 24. g3 Qf3+ 25. Kg1 Bxg3 0-1

[Event "Mechanics' Summer TNM; 30/90, SD/30"]
[Site "San Francisco"]
[Date "2011.05.24"]
[Round "1.6"]
[White "Milliken, William"]
[Black "Shakhnazarov, Oleg"]
[Result "0-1"]
[WhiteElo "1688"]
[BlackElo "2137"]
[PlyCount "50"]
[EventDate "2011.??.??"]

1. e4 c5 2. d4 cxd4 3. c3 dxc3 4. Nxc3 e6 5. Nf3 Be7 6. Bc4 d6 7. O-O Nc6 8.
Qe2 a6 9. Rd1 Qa5 10. a3 Nf6 11. Bf4 e5 12. b4 Qc7 13. Bg5 Bg4 14. Rac1 Nd4 15.
Qd3 Bxf3 16. Nb5 Qd7 17. Nc7+ Kf8 18. gxf3 Qxc7 19. Bxf7 Qd7 20. Ba2 Qh3 21.
Rc3 Ne6 22. Bxf6 gxf6 23. Kh1 Rg8 24. Qf1 Qxf1+ 25. Rxf1 Kf7 0-1

[Event "Mechanics' Summer TNM; 30/90, SD/30"]
[Site "San Francisco"]
[Date "2011.06.07"]
[Round "3.20"]
[White "Milliken, William"]
[Black "Zhao, Art"]
[Result "0-1"]
[WhiteElo "1688"]
[BlackElo "1820"]
[PlyCount "101"]
[EventDate "2011.??.??"]

1. e4 c5 2. d4 cxd4 3. c3 d3 4. Bxd3 d6 5. f4 Nc6 6. Be3 Nf6 7. Nd2 e6 8. Ngf3
Qc7 9. O-O Be7 10. Nc4 b5 11. Ncd2 a6 12. a4 bxa4 13. Nc4 Rb8 14. Qxa4 O-O 15.
e5 Nd5 16. exd6 Bxd6 17. Nxd6 Qxd6 18. Qe4 f5 19. Qa4 Nxe3 20. Rfe1 Nd5 21.
Bxa6 Bxa6 22. Qxa6 Qc5+ 23. Kh1 Nxf4 24. b4 Qb6 25. Qc4 g5 26. Nxg5 Qf2 27. Rg1
Ne5 28. Qc7 Qh4 29. Nxe6 Nxe6 30. Qxe5 Qf6 31. Rge1 Qxe5 32. Rxe5 Ra8 33. Rxa8
Rxa8 34. h3 Ng7 35. Kh2 Rc8 36. Re3 Kf7 37. Kg3 Rc4 38. Rd3 Ke6 39. Kf3 Ne8 40.
g4 fxg4+ 41. hxg4 Nd6 42. Ke2 Rxg4 43. Rh3 Rg7 44. Kd3 Nf5 45. b5 Rg3+ 46. Rxg3
Nxg3 {This position is a theoretical draw.} 47. Ke3 $2 {
Now it's won for Blank. Either pawn move preserves the draw.} Nf5+ 48. Kf4 Nd6
49. b6 Kd7 $2 {Position is now a draw.} 50. Kg5 Nf7+ 51. Kf6 0-1

[Event "Mechanics' Summer TNM; 30/90, SD/30"]
[Site "San Francisco"]
[Date "2011.05.24"]
[Round "1.14"]
[White "Nelson, Christopher"]
[Black "Banik, Siddharth"]
[Result "1/2-1/2"]
[WhiteElo "1525"]
[BlackElo "1984"]
[PlyCount "101"]
[EventDate "2011.??.??"]

1. d4 f5 2. Nf3 g6 3. Bf4 Nf6 4. e3 Bg7 5. Bd3 d6 6. Nbd2 O-O 7. Qe2 Nc6 8. c3
Qe8 9. e4 fxe4 10. Nxe4 Nxe4 11. Qxe4 Bf5 12. Bc4+ Kh8 13. Qe3 Qd7 14. O-O d5
15. Bb5 a6 16. Ne5 Bxe5 17. Bxe5+ Kg8 18. Bxc6 Qxc6 19. Qh6 Rf7 20. Rfe1 Qb5
21. b4 Qd3 22. Re3 Qd2 23. Rae1 Raf8 24. Qh4 Qxa2 25. f3 c6 26. g4 Bd7 27. Bg3
e6 28. Be5 Rxf3 29. Rxf3 Rxf3 30. Rf1 Rxf1+ 31. Kxf1 Qb1+ 32. Kf2 Qc2+ 33. Kf1
Qc1+ 34. Ke2 g5 35. Qh6 Qc2+ 36. Kf1 Qd1+ 37. Kf2 Qc2+ 38. Kf1 Qg6 39. Qxg6+
hxg6 40. Ke2 Kf7 41. Kd3 b6 42. Bc7 b5 43. Be5 Ke7 44. h3 Be8 45. Bc7 Kd7 46.
Be5 Kc8 47. Bf6 Kb7 48. Bxg5 Kb6 49. Bd8+ Kb7 50. Be7 Kc7 51. Ke3 1/2-1/2

[Event "Mechanics' Summer TNM; 30/90, SD/30"]
[Site "San Francisco"]
[Date "2011.06.07"]
[Round "3.21"]
[White "Nelson, Christopher"]
[Black "Macintyre, Brendan"]
[Result "0-1"]
[WhiteElo "1525"]
[BlackElo "1643"]
[PlyCount "83"]
[EventDate "2011.??.??"]

1. d4 d5 2. Nf3 Nf6 3. Bg5 e6 4. e3 c5 5. c3 Bd6 6. Bd3 h6 7. Bh4 Nbd7 8. Nbd2
O-O 9. e4 cxd4 10. cxd4 dxe4 11. Nxe4 Be7 12. Qe2 Nd5 13. Bg3 Bb4+ 14. Ned2
N7f6 15. O-O Bd7 16. a3 Be7 17. Ne5 Rc8 18. Rac1 Qb6 19. Nxd7 Nxd7 20. Nf3 N7f6
21. Rxc8 Rxc8 22. Rd1 Nh5 23. Ne5 Nxg3 24. hxg3 Nf6 25. Kh2 Rd8 26. Nc4 Qc7 27.
Qf3 Rd5 28. Ne5 Bd6 29. Nc4 Kf8 30. Nxd6 Qxd6 31. Rc1 Qd8 32. Be4 Nxe4 33. Qxe4
g6 34. Qe1 Rxd4 35. Qe5 Rd5 36. Qe3 Rh5+ 37. Kg1 a6 38. Qf3 Rd5 39. Kh2 Qd7 40.
Rc4 b5 41. Rg4 Kg7 42. Qc3+ 0-1

[Event "Mechanics' Summer TNM; 30/90, SD/30"]
[Site "San Francisco"]
[Date "2011.06.21"]
[Round "5.20"]
[White "Nelson, Christopher"]
[Black "Ochoa, Jason"]
[Result "0-1"]
[WhiteElo "1525"]
[BlackElo "1939"]
[PlyCount "54"]
[EventDate "2011.??.??"]

1. d4 Nc6 2. Nf3 d5 3. Bf4 Bg4 4. c3 Bxf3 5. exf3 f6 6. Bd3 Qd7 7. Qe2 g5 8.
Bg3 O-O-O 9. f4 gxf4 10. Bxf4 e5 11. g4 e4 12. Bb5 Bd6 13. Qe3 Qxg4 14. Bxd6
Rxd6 15. Bf1 Kb8 16. Nd2 Nge7 17. Bh3 Qh5 18. Nf1 f5 19. Bg2 Rf8 20. h4 f4 21.
Qd2 Rg6 22. Rh2 Rg4 23. O-O-O Rxh4 24. Rxh4 Qxh4 25. f3 e3 26. Nxe3 fxe3 27.
Qxe3 Qf6 0-1

[Event "Mechanics' Summer TNM; 30/90, SD/30"]
[Site "San Francisco"]
[Date "2011.07.12"]
[Round "8.24"]
[White "Nelson, Christopher"]
[Black "Otterbach, Renate"]
[Result "1-0"]
[WhiteElo "1525"]
[BlackElo "805"]
[PlyCount "39"]
[EventDate "2011.??.??"]

1. e4 e5 2. f4 d6 3. Nf3 Bg4 4. Bc4 Qf6 5. O-O Nc6 6. Nc3 Nd4 7. Nd5 Nxf3+ 8.
Rxf3 Qd8 9. fxe5 dxe5 10. Qf1 Nh6 11. Rg3 Bc5+ 12. d4 Bxd4+ 13. Ne3 Qe7 14. Kh1
O-O-O 15. Nxg4 Rd6 16. Nxh6 Rxh6 17. Bxh6 gxh6 18. c3 Bb6 19. Rg7 f6 20. Rxe7
1-0

[Event "Mechanics' Summer TNM; 30/90, SD/30"]
[Site "San Francisco"]
[Date "2011.06.28"]
[Round "6.21"]
[White "Nelson, Christopher"]
[Black "Zang, Kevin"]
[Result "0-1"]
[WhiteElo "1525"]
[BlackElo "1786"]
[PlyCount "56"]
[EventDate "2011.??.??"]

1. d4 f5 2. Nf3 Nf6 3. e3 g6 4. Bd3 Bg7 5. c3 O-O 6. Nbd2 h6 7. O-O d5 8. Ne5
Nbd7 9. Nxg6 Re8 10. Bxf5 e5 11. e4 c5 12. Nf3 exd4 13. exd5 Ne5 14. Bxc8 Nxf3+
15. Qxf3 Rxc8 16. c4 b5 17. b3 Ne4 18. Re1 d3 19. Qxd3 Qf6 20. Rxe4 Qxa1 21.
Rxe8+ Rxe8 22. Qf1 Bc3 23. Be3 Qxa2 24. Nf4 bxc4 25. g3 cxb3 26. Qh3 Qb1+ 27.
Kg2 Qe4+ 28. Kg1 Bg7 0-1

[Event "Mechanics' Summer TNM; 30/90, SD/30"]
[Site "San Francisco"]
[Date "2011.05.31"]
[Round "2.17"]
[White "Newey, Richard"]
[Black "Cortese, Chris"]
[Result "0-1"]
[WhiteElo "1752"]
[BlackElo "1530"]
[PlyCount "62"]
[EventDate "2011.??.??"]

1. e4 c5 2. Nf3 d6 3. Nc3 Nf6 4. Bc4 e6 5. O-O Be7 6. d4 cxd4 7. Nxd4 a6 8. Qe2
O-O 9. Rd1 Qc7 10. Bd3 b5 11. a3 Bb7 12. f4 Nbd7 13. Nb3 Rac8 14. Be3 Nb6 15.
e5 Nfd5 16. exd6 Bxd6 17. Nxd5 Nxd5 18. g3 Nxe3 19. Qxe3 Qc6 20. Be4 Qxe4 21.
Qxe4 Bxe4 22. Rxd6 Rxc2 23. Re1 Bd5 24. Nd4 Rg2+ 25. Kf1 Rxb2 26. Re2 Bc4 27.
Rxa6 b4 28. Rc6 Bxe2+ 29. Nxe2 bxa3 30. Ra6 a2 31. Nc3 Rb1+ 0-1

[Event "Mechanics' Summer TNM; 30/90, SD/30"]
[Site "San Francisco"]
[Date "2011.07.12"]
[Round "8.15"]
[White "Newey, Richard"]
[Black "Macintyre, Brendan"]
[Result "1-0"]
[WhiteElo "1752"]
[BlackElo "1643"]
[PlyCount "51"]
[EventDate "2011.??.??"]

1. e4 c5 2. Nf3 Nc6 3. d3 g6 4. Be2 Bg7 5. c3 d5 6. O-O dxe4 7. dxe4 Qc7 8. Be3
b6 9. Qc2 Nf6 10. Na3 O-O 11. Nd2 a6 12. Rae1 Bb7 13. f4 e6 14. Bf3 Rac8 15.
Qc1 Ne7 16. c4 Rfd8 17. e5 Bxf3 18. exf6 Bxf6 19. Nxf3 Nf5 20. b3 Rd3 21. Kh1
h5 22. Nc2 Qb7 23. Ne5 Nh4 24. Re2 Bxe5 25. fxe5 Rcd8 26. Bg5 1-0

[Event "Mechanics' Summer TNM; 30/90, SD/30"]
[Site "San Francisco"]
[Date "2011.06.14"]
[Round "4.17"]
[White "Newey, Richard"]
[Black "Mar, Henry"]
[Result "1-0"]
[WhiteElo "1752"]
[BlackElo "1544"]
[PlyCount "35"]
[EventDate "2011.??.??"]

1. e4 c6 2. d4 d5 3. e5 Bf5 4. Nf3 e6 5. Be2 h6 $6 6. O-O Nd7 7. b3 c5 8. Bb2
Rc8 $6 (8... Ne7) 9. c4 $1 cxd4 $2 (9... Ne7) 10. Nxd4 Bxb1 11. Rxb1 Bc5 12.
cxd5 exd5 13. e6 $1 Bxd4 14. exd7+ Kf8 15. dxc8=Q Qxc8 16. Qxd4 Nf6 17. Rbc1 b6
18. Rxc8+ 1-0

[Event "Mechanics' Summer TNM; 30/90, SD/30"]
[Site "San Francisco"]
[Date "2011.07.05"]
[Round "7.8"]
[White "Newey, Richard"]
[Black "Todortsev, Victor"]
[Result "0-1"]
[WhiteElo "1752"]
[BlackElo "1937"]
[PlyCount "48"]
[EventDate "2011.??.??"]

1. e4 e5 2. Nf3 Nc6 3. Bc4 Nf6 4. Ng5 d5 5. exd5 Na5 6. Bb5+ c6 7. dxc6 bxc6 8.
Be2 h6 9. Nh3 Qd4 10. c3 Qh4 11. d4 Bd6 12. Qa4 Bc7 13. b4 O-O 14. bxa5 Bd7 15.
Qc4 e4 16. Be3 Nd5 17. Kd2 f5 18. f4 Kh8 19. Rf1 Rab8 20. Bf2 Qe7 21. Kc2 Rb7
22. a4 Rfb8 23. Na3 Rb2+ 24. Kc1 Qxa3 0-1

[Event "Mechanics' Summer TNM; 30/90, SD/30"]
[Site "San Francisco"]
[Date "2011.07.05"]
[Round "7.16"]
[White "Oca, Homer"]
[Black "Dembling, Arthur"]
[Result "1-0"]
[WhiteElo "1674"]
[BlackElo "1810"]
[PlyCount "75"]
[EventDate "2011.??.??"]

1. a3 e5 2. h3 d5 3. e3 Nf6 4. c3 Nc6 5. d4 e4 6. b4 Bd6 7. Bb2 Be6 8. Bb5 O-O
9. Nd2 Ne7 10. c4 c6 11. Ba4 dxc4 12. Bc2 Bd5 13. Ne2 Re8 14. Nc3 Nf5 15. Qe2
b5 16. O-O-O a5 17. Na2 Qe7 18. g4 Nh4 19. g5 Nd7 20. Qg4 Ng6 21. h4 axb4 22.
Nxb4 Bxb4 23. axb4 Qxb4 24. Nb1 Ra2 25. Bc3 Qd6 26. h5 Ngf8 27. g6 fxg6 28.
hxg6 Qxg6 29. Qe2 Qd6 30. Qd2 Rb8 31. Bb4 Qf6 32. f4 Nb6 33. Qh2 h6 34. Rdg1
Kh7 35. f5 Raa8 36. Bxf8 Rxf8 $18 (36... Qxf8 $17) 37. Rg6 Qxf5 38. Qxh6+ 1-0